00920nam a2200253Ia 4500001000900000003000500009005001700014007000300031008004100034040001800075245013800093260003200231300004700263336002700310337002700337338002800364500003000392502009300422504003400515650001300549650000900562700004200571700005300613dia_5512CHAP20250924110126.0ta220117s1992 mx d fr 001 0 spa d cCHAPamxchpua10aSistema agroindustrial : bmaíz /ccoordinador David Rubio Hernández ; colaboradores Ma. del Pilar Alcacio Fernández...[et al.] aMéxico :bEl autor,c1992 a201 hojas :bgráficas, diagramas, tablas 2rdacontentatextobtxt 2rdamediaasin mediobn 2rdacarrieravolumenbnc aDirectorio: hojas 197-199 aViaje de estudios b(SAI) -- cUACh. Departamento de Ingeniería Agroindustrial, d1992 aBibliografía: hojas 200-20113aMaíz 13aCorn1 aRubio Hernández, Davidecoordinador1 aAlcacio Fernández, Ma. del Pilarecolaboradora